Religion Quiz

Random Religion Quiz

Swahili Lord's Prayer Quiz Stats

Quiz not verified by Sporcle

Also try: Women in the Bible
Challenge
Share
Tweet
Embed
Score 0/15 Timer 10:00
0 Plays Today
Hint Answer % Correct
Our Father, who art in heavenBaba yetu uliye mbinguni
88.9%
Thy kingdom comeUfalme wako uje
33.3%
AmenAmina
33.3%
Hallowed be thy nameJina lako litu kuzwe
22.2%
Thy will be doneMapenzi yako yatimizwe
11.1%
On earth as it is in heavenHapa duniani kamahuko mbinguni
11.1%
Give us this dayUtupe leo riziki yetu
11.1%
Our daily breadUtusamehe deni zetu
11.1%
Hint Answer % Correct
And forgive us our debts as we forgive our debtorsKama sisi nasi tuwasamehevyo wadeni yetu
11.1%
Lead us not into temptationNa usitutie majarabuni
11.1%
But deliver us from evilLakini utuokoe na yule mwovu
11.1%
For thine is the kingdomKwa kuwa ufalme ni wako
11.1%
The powerNa nguvu
11.1%
The gloryNa utukufu
11.1%
Forever and everHata milele
11.1%

You're not logged in!

Compare scores with friends on all Sporcle quizzes.
Join for Free
OR
Log In

You Might Also Like...

Show Comments

Extras

Created Sep 14, 2014ReportNominate
Tags:lord, prayer, swahili

Top Quizzes Today


Score Distribution

Your Account Isn't Verified!

In order to create a playlist on Sporcle, you need to verify the email address you used during registration. Go to your Sporcle Settings to finish the process.

Report this User

Report this user for behavior that violates our Community Guidelines.

Details: